Cenu určila spotrebiteľova peňaženka

Bibliographic Details
Main Author: Ganzarčík, Pavol (Author)
Format: Article
Language:Slovak
PhysicalDescription:Fotogr.
ISSN:1210-2423
Subjects:

MARC

LEADER 00000nab a2200000 ar4500
001 vtls010282112
003 SK-MaSNL
005 20260303081742.0
008 110530c2011 xo wr|p|||||||000 b|slo
038 |a PPPK 
040 |a PPPKCL  |b slo  |c PPPKCL  |e AACR2 
041 0 |a slo 
044 |a xo  |c SK 
080 |a 631.115.8  |2 2001 
080 |a 613.2:631.147  |2 2001 
245 0 0 |a Cenu určila spotrebiteľova peňaženka  |c [text a foto] (plk), [rozhovor poskytol Ing. Pavol Ganzarčík] 
300 |b Fotogr. 
610 2 7 |a Poľnohospodárske družstvo (Šuňava, Slovensko)  |2 pppkcl  |9 1037770 
650 0 7 |a poľnohospodárske družstvá  |2 pppkcl  |9 30107 
650 0 7 |a biopotraviny  |2 pppkcl  |9 20719 
651 7 |a Šuňava (Slovensko)  |2 pppkcl  |9 54576 
651 7 |a Poprad (Slovensko : okres)  |2 pppkcl  |9 28675 
655 7 |a rozhovory  |2 pppkcl  |9 31831 
700 1 |a Ganzarčík, Pavol  |4 aut  |9 779650 
773 0 |t Podtatranské noviny  |g Roč. LII, č. 21 (2011), s. 3  |x 1210-2423 
852 |a PPPK  |b KIS3GCP 
999 |c 1785781  |d 1787711